000 00303nam a22001337a 4500
008 170612b xxu||||| |||| 00| 0 eng d
020 _a9780465037599
041 _aeng
080 _a94
100 _a18
101 _aSHH
245 _aSOVEREIGNTY GOD, STATE, AND SELF
_cELSHTAIN,J,B
942 _2udc
_cBK
999 _c16838
_d16838